<?xml version="1.0" encoding="UTF-8"?>
<record
    xmlns:xsi="http://www.w3.org/2001/XMLSchema-instance"
    xsi:schemaLocation="http://www.loc.gov/MARC21/slim http://www.loc.gov/standards/marcxml/schema/MARC21slim.xsd"
    xmlns="http://www.loc.gov/MARC21/slim">

  <leader>02730cam a2200277 i 4500</leader>
  <controlfield tag="001">991027493224307026</controlfield>
  <controlfield tag="003">UkOxU</controlfield>
  <controlfield tag="005">20260305144743.0</controlfield>
  <controlfield tag="008">260214s2026    nyu           001 0 eng  </controlfield>
  <datafield tag="010" ind1=" " ind2=" ">
    <subfield code="a">  2025043808</subfield>
  </datafield>
  <datafield tag="020" ind1=" " ind2=" ">
    <subfield code="a">9780593594285</subfield>
    <subfield code="q">(hardcover)</subfield>
  </datafield>
  <datafield tag="020" ind1=" " ind2=" ">
    <subfield code="z">9780593594292</subfield>
    <subfield code="q">(ebook)</subfield>
  </datafield>
  <datafield tag="035" ind1=" " ind2=" ">
    <subfield code="a">in00024463583</subfield>
  </datafield>
  <datafield tag="040" ind1=" " ind2=" ">
    <subfield code="a">DLC</subfield>
    <subfield code="b">eng</subfield>
    <subfield code="e">rda</subfield>
    <subfield code="c">DLC</subfield>
    <subfield code="d">UkOxU</subfield>
  </datafield>
  <datafield tag="041" ind1=" " ind2=" ">
    <subfield code="a">English</subfield>
  </datafield>
  <datafield tag="042" ind1=" " ind2=" ">
    <subfield code="a">pcc</subfield>
  </datafield>
  <datafield tag="100" ind1=" " ind2=" ">
    <subfield code="a">Kidia, Khameer,</subfield>
    <subfield code="e">author.</subfield>
    <subfield code="9">26809</subfield>
  </datafield>
  <datafield tag="245" ind1="1" ind2="0">
    <subfield code="a">Empire of madness </subfield>
    <subfield code="b">: reimagining Western mental health care for everyone </subfield>
    <subfield code="c">/ Khameer Kidia.</subfield>
  </datafield>
  <datafield tag="250" ind1=" " ind2=" ">
    <subfield code="a">First edition.</subfield>
  </datafield>
  <datafield tag="264" ind1=" " ind2="1">
    <subfield code="a">New York :</subfield>
    <subfield code="b">Crown,</subfield>
    <subfield code="c">[2026].</subfield>
  </datafield>
  <datafield tag="300" ind1=" " ind2=" ">
    <subfield code="a">xxiii, 255 pages ;</subfield>
    <subfield code="c">24 cm</subfield>
  </datafield>
  <datafield tag="500" ind1=" " ind2=" ">
    <subfield code="a">Includes bibliographical references and index.</subfield>
  </datafield>
  <datafield tag="520" ind1=" " ind2=" ">
    <subfield code="a">"In Empire of Madness, Dr. Khameer Kidia offers a re-evaluation of mental health in the Global North, where the answer to the structural causes of mental distress, like racism and economic inequality, has been to medicate the symptoms rather than revolutionize those causal structures. A clinician and researcher whose own mother suffers from the psychological harm of colonialism, Kidia reports from the front lines of mental health crises at home, in clinical practice and during fieldwork, highlighting the flaws in how we cope with global mental distress. Western psychiatry, which emerged during nineteenth-century colonialism and expanded under neoliberalism, mollifies the effects-depression, anxiety, hunger, poverty-of oppressive structures rather than fixes them. "Burnout" is just one example of mental distress caused by economic and social conditions but disguised as a medical problem. Clear-eyed and open-hearted, Kidia asks the necessary questions that our current mental health system, pharmaceutically-driven and focused on one-size-fits-all solutions, doesn't address. How do history, culture, and politics shape mental distress? Is hoarding a medical problem? Why are the outcomes of schizophrenia sometimes better in places without antipsychotics? Can a Zimbabwean grandmother sitting on a wooden "friendship bench" talk through someone's problems better than a Western-trained therapist? For those living in poverty, can cash replace pills? Empire of Madness sharply intertwines discussions of the colonial origins of psychiatry, the long-lasting and psychological effects of oppression, and the overburdened health professionals striving to heal their patients in rigid, archaic systems to reimagine global mental health as a capacious, inclusive field where our wellbeing is mutual and everyone's voice-patients, caregivers, and health workers alike-matters"--</subfield>
    <subfield code="c">Provided by publisher.</subfield>
  </datafield>
  <datafield tag="650" ind1=" " ind2="0">
    <subfield code="a">Mental health</subfield>
    <subfield code="9">12874</subfield>
  </datafield>
  <datafield tag="942" ind1=" " ind2=" ">
    <subfield code="2">lcc</subfield>
  </datafield>
  <datafield tag="952" ind1=" " ind2=" ">
    <subfield code="0">0</subfield>
    <subfield code="1">0</subfield>
    <subfield code="2">lcc</subfield>
    <subfield code="4">0</subfield>
    <subfield code="7">0</subfield>
    <subfield code="a">TBS</subfield>
    <subfield code="b">TBS</subfield>
    <subfield code="d">2026-03-05</subfield>
    <subfield code="l">0</subfield>
    <subfield code="r">2026-03-05</subfield>
    <subfield code="t">1</subfield>
    <subfield code="w">2026-03-05</subfield>
    <subfield code="y">1</subfield>
    <subfield code="z">SOON AVAILABLE</subfield>
  </datafield>
  <datafield tag="999" ind1=" " ind2=" ">
    <subfield code="c">5386</subfield>
    <subfield code="d">5386</subfield>
  </datafield>
</record>
